00376 2200157 4500001002100000005001500021035002000036245004700056100001600103300001200119260003100131082000800162084001400170020002200184990001200206INLIS00000000000177220250505032735 a0010-05250000641 aCinta Tak Kenal Batas Waktu /cWulan Murti0 aWulan Murti a210 hlm aYogyakarta :bSenja,c2016 a813 a813 WUL c a978-602-391-091-5 a0754595